Reclaiming indigeneity and democracy in India`s Jharkhand (Record no. 1308878)

MARC details
000 -LEADER
fixed length control field 01175nam a2200217 4500
005 - DATE AND TIME OF LATEST TRANSACTION
control field 20250411142833.0
008 - FIXED-LENGTH DATA ELEMENTS--GENERAL INFORMATION
fixed length control field 250411b |||||||| |||| 00| 0 eng d
020 ## - INTERNATIONAL STANDARD BOOK NUMBER
International Standard Book Number 9780198884675
037 ## - SOURCE OF ACQUISITION
Terms of availability Textual
040 ## - CATALOGING SOURCE
Original cataloging agency RTL
Transcribing agency RTL
084 ## - COLON CLASSIFICATION NUMBER
Classification number Y5926.274 R4
Assigning agency RTL
100 ## - MAIN ENTRY--PERSONAL NAME
Personal name Basu, Ipshita
9 (RLIN) 752181
245 ## - TITLE STATEMENT
Title Reclaiming indigeneity and democracy in India`s Jharkhand
260 ## - PUBLICATION, DISTRIBUTION, ETC.
Place of publication, distribution, etc. United Kingdom
Name of publisher, distributor, etc. Oxford university press
Date of publication, distribution, etc. 2024
300 ## - PHYSICAL DESCRIPTION
Extent xi, 225 p.
Other physical details Includes bibliographical reference and index
520 ## - SUMMARY, ETC.
Summary, etc. In 'Reclaiming Indigeneity and Democracy in India's Jharkhand', Ipshita Basu contributes to scholarship on critical social justice and indigeneity by highlighting 'relations of justification' as a central feature of group-based claims-making for social groups identifying with indigeneity in diverse ways. Specifically, the book focuses on reclaiming political recognition for Adivasis within the contemporary dynamics of majoritarian populism and the market economy
650 ## - SUBJECT ADDED ENTRY--TOPICAL TERM
Topical term or geographic name entry element Democracy India Jharkhand
9 (RLIN) 752182
650 ## - SUBJECT ADDED ENTRY--TOPICAL TERM
Topical term or geographic name entry element Politics and Government
9 (RLIN) 580034
650 ## - SUBJECT ADDED ENTRY--TOPICAL TERM
Topical term or geographic name entry element India Jharkhand
9 (RLIN) 752183
942 ## - ADDED ENTRY ELEMENTS (KOHA)
Source of classification or shelving scheme Colon Classification (CC)
Suppress in OPAC No
Koha item type Textbook
Classification part Y5926.274 R4
Holdings
Withdrawn status Lost status Source of classification or shelving scheme Damaged status Not for loan Home library Current library Date acquired Total Checkouts Full call number Barcode Date last seen Price effective from Koha item type
    Colon Classification (CC)     Ratan Tata Library Ratan Tata Library 2025-04-11   Y5926.274 R4 RT1585274 2025-04-11 2025-04-11 Textbook
Copyright @ Delhi University Library System